000 00824nam a22001937a 4500
999 _c61974
_d61974
003 Ge_BSU
005 20240618120701.0
008 240618s1964 ge ||||| |||| 00| 0 geo d
041 _ageo
080 _a628.517.2+613.164 კ-49
100 _aკიკნაძე, ოთარ
_922475
245 _aხმაურის მავნეობა და მასთან ბრძოლის საშუალებანი /
_cოთარ კიკნაძე.
264 _aთბილისი :
_bსაბჭ. საქართველო,
_c1964.
300 _a55 გვ. :
_bილ. ;
_c20 სმ.
504 _aბიბლიოგრ: გვ. 55.
653 _aხმაურის მავნეობა
653 _aხმაურთან ბრძოლა
942 _2udc
_cᲬᲘᲒᲜᲘ